00681cam a2200265 i 45000010008000000030009000080050017000170070008000340080040000420150006000820170009000880200015000970350006001120400025001180800006001430820016001491000032001652450075001972500012002722600030002843000023003144900023003377000032003608300023003920000788DO-SdBNP20180130160510.00000788100514s 1977 sp a | |||| 000 f spa  a  a b  a8420102881 a  aBPMSUbspacBPMSUe  a  axxxxbxxxxx1 aAlcott, Luisa M.d1832-188810aMujercitas /h cLuisa M. Alcott ; ilustraciones María Rosa García a6a. ed. aBarcelona :bAfha,c1977. a77 p.: bil.c30 m1 aSelecciones Auriga12aGarcía, María Rosaeil. 0aSelecciones Auriga